000 00298nam a2200121Ia 4500
008 190216s9999||||xx |||||||||||||| ||und||
100 _a"Ravi Raj Dudeja,Mohan Dudeja"
245 0 _aOpamps And Linear Integrated Circuits
260 _bUmesh Pub
300 _a569
650 _aPhysics
942 _cBK
999 _c34186
_d34186